Impuesto a los débitos y créditos bancarios. Nuevo pago a cuenta (Registro nro. 20188)

Detalles MARC
000 -LEADER
fixed length control field 00350 a2200109 4500
001 - CONTROL NUMBER
control field ART_47631
005 - DATE AND TIME OF LATEST TRANSACTION
control field 20260410161757.0
008 - FIXED-LENGTH DATA ELEMENTS--GENERAL INFORMATION
fixed length control field 260409a
100 1# - MAIN ENTRY--PERSONAL NAME
Personal name García, Roberto Martín
245 10 - TITLE STATEMENT
Title Impuesto a los débitos y créditos bancarios. Nuevo pago a cuenta
773 0# - HOST ITEM ENTRY
Title Doctrina tributaria
Related parts - N°463 (oct. 2018)
Record control number REV4296

No hay ítems disponibles.